| 000 | 01232nam a2200313Ia 4500 | ||
|---|---|---|---|
| 001 | ebr10347304 | ||
| 003 | CaPaEBR | ||
| 006 | m u | ||
| 007 | cr cn||||||||| | ||
| 008 | 090316s2009 mau sb 001 0 eng d | ||
| 010 | _z 2009010917 | ||
| 020 | _z9781845934927 (alk. paper) | ||
| 040 |
_aCaPaEBR _cCaPaEBR |
||
| 035 | _a(OCoLC)646857243 | ||
| 050 | 1 | 4 |
_aSB998.M45 _bR655 2009eb |
| 245 | 0 | 0 |
_aRoot-knot nematodes _h[electronic resource] / _cedited by Roland N. Perry, Maurice Moens, and James L. Starr. |
| 260 |
_aCambridge, MA : _bCABI North American Office, _c2009. |
||
| 300 | _axxvi, 488 p. | ||
| 504 | _aIncludes bibliographical references and index. | ||
| 533 |
_aElectronic reproduction. _bPalo Alto, Calif. : _cebrary, _d2010. _nAvailable via World Wide Web. _nAccess may be limited to ebrary affiliated libraries. |
||
| 650 | 0 | _aRoot-knot nematodes. | |
| 650 | 0 |
_aRoot-knot nematodes _xControl. |
|
| 655 | 7 |
_aElectronic books. _2local |
|
| 700 | 1 |
_aPerry, R. N. _q(Roland N.) |
|
| 700 | 1 | _aMoens, Maurice. | |
| 700 | 1 | _aStarr, James L. | |
| 710 | 2 | _aebrary, Inc. | |
| 856 | 4 | 0 |
_uhttp://site.ebrary.com/lib/rucke/Doc?id=10347304 _zAn electronic book accessible through the World Wide Web; click to view |
| 999 |
_c33788 _d33788 |
||